Quiero ser libre para amar / (Record no. 138799)

MARC details
000 -LEADER
campo de control de longitud fija 00552nam a2200169 4500
001 - NÚMERO DE CONTROL
campo de control 138799
003 - IDENTIFICADOR DE NÚMERO DE CONTROL
campo de control ES-MaACL
005 - FECHA Y HORA DE LA ÚLTIMA TRANSACCIÓN
campo de control 20230906195635.0
007 - CAMPO FIJO DE DESCRIPCIÓN FÍSICA--INFORMACIÓN GENERAL
campo de control de longitud fija t|
008 - DATOS DE LONGITUD FIJA--INFORMACIÓN GENERAL
campo de control de longitud fija 070214s1963 sp r ||||1| spa d
100 1# - ENTRADA PRINCIPAL--NOMBRE DE PERSONA
Nombre de persona Santos Marqués, José dos.
9 (RLIN) 103514
245 10 - MENCIÓN DEL TÍTULO
Título Quiero ser libre para amar /
Mención de responsabilidad, etc. José dos Santos Marqués ; traducción, Carlo Antonio Castro.
260 ## - PUBLICACIÓN, DISTRIBUCIÓN, ETC.
Lugar de publicación, distribución, etc. Bilbao :
Nombre del editor, distribuidor, etc. [s. n.],
Fecha de publicación, distribución, etc. 1963 (
Fabricante Gráf. Castillo)
300 ## - DESCRIPCIÓN FÍSICA
Extensión 36 p. :
Otras características físicas il. ;
Dimensiones 23 cm.
700 1# - ENTRADA AGREGADA--NOMBRE PERSONAL
Nombre de persona Castro, Carlo Antonio.
9 (RLIN) 36836
852 ## - LOCALIZACIÓN
Ubicación ES-MaACL
Número de control de estantería 2032-F-17
Sublocalización o colección R.52758
Holdings
Estatus retirado Estado de pérdida Estado de daño No para préstamo Colección Biblioteca de origen Biblioteca actual Ubicación en estantería Fecha de adquisición Fuente de adquisición Total de préstamos Signatura topográfica completa Código de barras Visto por última vez Precio de reemplazo Tipo de ítem Koha
        Colección de folletos Biblioteca del Ateneo de Madrid Biblioteca del Ateneo de Madrid Depósito folletos 17/01/2008     2032-F-17 1144432 23/02/2023 23/02/2023 Folleto